[Event "Las Americas U1800 U14 rapid op"]
[Site "Tornelo INT"]
[Date "2023.01.14"]
[Round "2"]
[White "Arenas Lavado, Luciana Andrea"]
[Black "Cordova Martiarena, Gabriela Fernanda"]
[Result "1-0"]
[WhiteElo "1493"]
[BlackElo "1085"]
[PlyCount "141"]
[EventDate "2023.01.14"]
[EventType "swiss (rapid)"]
[EventRounds "7"]
[EventCountry "VEN"]
[SourceTitle "CBM 212 Extra"]
[Source "ChessBase"]
[SourceDate "2023.03.31"]
[SourceVersion "1"]
[SourceVersionDate "2023.03.31"]
[SourceQuality "1"]

1. e4 e6 2. d4 d5 3. Nd2 c5 4. exd5 exd5 5. Bb5+ Bd7 6. Be2 cxd4 7. Ngf3 Nc6 8. Nb3 Bb4+ 9. Bd2 Qb6 10. 0-0 Nf6 11. Bxb4 Qxb4 12. Nfxd4 Nxd4 13. Qxd4 Qxd4 14. Nxd4 a6 15. Rfe1 0-0 16. Bf3 Rfe8 17. h3 Ne4 18. Rad1 f5 19. c3 g6 20. Nc2 Ba4 21. b3 Bc6 22. Bxe4 dxe4 23. Nd4 Bd5 24. Nxf5 Bxb3 25. Nh6+ Kg7 26. Rd7+ Kxh6 27. axb3 Rac8 28. c4 b5 29. cxb5 axb5 30. Rd5 Rb8 31. Rd4 Kg5 32. Rdxe4 Rxe4 33. Rxe4 Kf5 34. f3 Rb7 35. Kf2 Rc7 36. g4+ Kf6 37. Rb4 Rc5 38. Ke3 Ke6 39. Re4+ Kd6 40. Rd4+ Ke6 41. h4 Rc3+ 42. Rd3 Rxd3+ 43. Kxd3 Ke5 44. Ke3 Kd5 45. f4 Ke6 46. Ke4 Ke7 47. Ke5 Kf7 48. Kd5 Kf6 49. Kc5 h5 50. gxh5 gxh5 51. Kxb5 Kf5 52. Kc4 Kxf4 53. b4 Kg4 54. b5 Kxh4 55. b6 Kg3 56. b7 h4 57. b8Q+ Kg2 58. Qb2+ Kg3 59. Qc3+ Kg2 60. Qd2+ Kg3 61. Qe1+ Kg4 62. Qh1 Kg3 63. Kd3 h3 64. Ke3 Kg4 65. Qh2 Kh4 66. Kf4 Kh5 67. Qxh3+ Kg6 68. Qf5+ Kg7 69. Kg5 Kh8 70. Kg6 Kg8 71. Qc8# 1-0